Countries with the Highest Hyperinflation Rates Ever - Statistics

General Stats
  • This quiz has been taken 15 times
  • The average score is 7 of 15
Answer Stats
Inflation Rate Years Answer % Correct
29,500% 1922-1923 Germany
93%
5,070% 1947-1949 China
80%
41,900,000,000,000,000% 1946 Hungary
73%
79,600,000,000% 2007-2008 Zimbabwe
73%
304% 1795-1796 France
67%
275% 1923-1924 Poland
67%
313,000,000% 1992-1994 Yugoslavia
60%
285% 1992-1994 Ukraine
53%
13,800% 1941-1945 Greece
47%
438% 1993-1994 Armenia
33%
322% 1992-1993 Bosnia and Herzegovina
27%
399% 1945 Taiwan
27%
397% 1990 Peru
20%
429% 1992-1993 Turkmenistan
13%
2,440% 1922-1923 Danzig
0%
No matching quizzes found
Score Distribution
Percent of People with Each Score
Percentile by Number Answered
Your Score History
You have not taken this quiz